000 00267nam a22001097a 4500
008 231010b |||||||| |||| 00| 0 eng d
100 _aChorptan, Frank
_95232
245 _aTextbook of Dynamics
260 _aLondon;
_bE.L.B.Pub.;
_c1969;
300 _a263p
942 _cBK
999 _c39775
_d39775